<?xml version="1.0" encoding="UTF-8"?>
<record
    xmlns:xsi="http://www.w3.org/2001/XMLSchema-instance"
    xsi:schemaLocation="http://www.loc.gov/MARC21/slim http://www.loc.gov/standards/marcxml/schema/MARC21slim.xsd"
    xmlns="http://www.loc.gov/MARC21/slim">

  <leader>00903nam a2200265Ia 4500</leader>
  <controlfield tag="003">IN-BaIIA</controlfield>
  <controlfield tag="008">211028s9999    xx            000 0 eng d</controlfield>
  <datafield tag="020" ind1=" " ind2=" ">
    <subfield code="a">3-540-41046-5</subfield>
  </datafield>
  <datafield tag="040" ind1=" " ind2=" ">
    <subfield code="c">IIA Library</subfield>
  </datafield>
  <datafield tag="080" ind1=" " ind2=" ">
    <subfield code="a">524.8</subfield>
    <subfield code="b">THE</subfield>
  </datafield>
  <datafield tag="111" ind1=" " ind2=" ">
    <subfield code="a">Summer School on Physics</subfield>
    <subfield code="n">71st</subfield>
    <subfield code="c">Les Houches, France</subfield>
    <subfield code="d">1999</subfield>
    <subfield code="9">24928</subfield>
  </datafield>
  <datafield tag="245" ind1=" " ind2="4">
    <subfield code="a">The Primordial universe</subfield>
    <subfield code="b">proceedings 71st session of the summer school on physics held in Les Houches, France. 28 June - 23 July, 1999</subfield>
    <subfield code="c">edited by P. Binertuy&#x2026;[et al.]</subfield>
  </datafield>
  <datafield tag="260" ind1=" " ind2=" ">
    <subfield code="a">Berlin</subfield>
    <subfield code="b">Springer-Verlag</subfield>
    <subfield code="c">2000</subfield>
  </datafield>
  <datafield tag="300" ind1=" " ind2=" ">
    <subfield code="a">xxxvi, 628p.</subfield>
  </datafield>
  <datafield tag="650" ind1=" " ind2=" ">
    <subfield code="a">Big bang nucleosynthesis</subfield>
    <subfield code="9">24710</subfield>
  </datafield>
  <datafield tag="650" ind1=" " ind2=" ">
    <subfield code="a">Cosmology</subfield>
  </datafield>
  <datafield tag="650" ind1=" " ind2=" ">
    <subfield code="a">Dark matter</subfield>
    <subfield code="9">14945</subfield>
  </datafield>
  <datafield tag="650" ind1=" " ind2=" ">
    <subfield code="a">Galaxies</subfield>
    <subfield code="9">1286</subfield>
  </datafield>
  <datafield tag="650" ind1=" " ind2=" ">
    <subfield code="a">Universe</subfield>
    <subfield code="9">1987</subfield>
  </datafield>
  <datafield tag="700" ind1=" " ind2=" ">
    <subfield code="a">Binertuy, P., ed.</subfield>
    <subfield code="9">24929</subfield>
  </datafield>
  <datafield tag="700" ind1=" " ind2=" ">
    <subfield code="a">Daivd, F., ed.</subfield>
    <subfield code="9">24930</subfield>
  </datafield>
  <datafield tag="700" ind1=" " ind2=" ">
    <subfield code="a">Schaeffer, R., ed.</subfield>
    <subfield code="9">21103</subfield>
  </datafield>
  <datafield tag="700" ind1=" " ind2=" ">
    <subfield code="a">Silk, J., ed.</subfield>
    <subfield code="9">21104</subfield>
  </datafield>
  <datafield tag="942" ind1=" " ind2=" ">
    <subfield code="c">BK</subfield>
  </datafield>
  <datafield tag="999" ind1=" " ind2=" ">
    <subfield code="c">14158</subfield>
    <subfield code="d">14158</subfield>
  </datafield>
  <datafield tag="952" ind1=" " ind2=" ">
    <subfield code="0">0</subfield>
    <subfield code="1">0</subfield>
    <subfield code="4">0</subfield>
    <subfield code="7">0</subfield>
    <subfield code="a">BAN</subfield>
    <subfield code="b">BAN</subfield>
    <subfield code="c">GEN</subfield>
    <subfield code="d">2001-07-09</subfield>
    <subfield code="e">ANJ   </subfield>
    <subfield code="g">4296.60</subfield>
    <subfield code="l">0</subfield>
    <subfield code="o">524.8/ THE</subfield>
    <subfield code="p">15078</subfield>
    <subfield code="r">2021-11-05</subfield>
    <subfield code="v">4296.60</subfield>
    <subfield code="w">2001-07-09</subfield>
    <subfield code="y">BK</subfield>
    <subfield code="G">Rs. 4296.60  </subfield>
  </datafield>
</record>
